000 00782nam a2200277 a 4500
003 AR-BaBNM
005 20251128204436.0
008 082120s2002 ||||||||||||||000 | spa||
020 _a950-13-6737-1
040 _cAR-BaBNM
100 1 _aFalbo de Gómez, Silvia María
245 0 0 _aLa iniciación literaria en la escuela primaria
250 _a1ª ed.
260 _aBuenos Aires
_bKapelusz
_c1986
300 _a46 p.
490 0 _aCuaderno pedagógico
_vv. 51
500 _aSugerencias bibliográficas p. 45-46
650 4 _aANALISIS LITERARIO
650 4 _aAPTITUD PARA LA LECTURA
650 4 _aCOMUNICACION VERBAL
653 _aENSENANZA DE LA LENGUA
653 _aENSEÑANZA DE LA LITERATURA
653 _aCOMPRENSION LECTORA
942 _cBK
998 _cCarmen
999 _c7439
_d7439